书目信息 |
| 题名: |
希有元素矿物化学
|
|
| 作者: | 郭承基 著 | |
| 分册: | ||
| 出版信息: | 北京 科学出版社 1958 |
|
| 页数: | 263页 | |
| 开本: | 26cm | |
| 丛书名: | ||
| 单 册: | ||
| 中图分类: | P574 | |
| 科图分类: | ||
| 主题词: | 矿物学P58 | |
| 电子资源: | ||
| ISBN: | ||
| 000 | 00520nam0 2200193 450 | |
| 001 | 0654401061 | |
| 005 | 20060413151029.15 | |
| 010 | @dCNY2.60 | |
| 100 | @a20060413d1958 km y0chiy0120 ea | |
| 101 | 0 | @achi |
| 102 | @aCN@b110000 | |
| 200 | 1 | @a希有元素矿物化学@Axi you yuan su kuang wu hua xue@f郭承基著@Fguo cheng ji zhu |
| 210 | @a北京@c科学出版社@d1958 | |
| 215 | 1 | @a263页@d26cm |
| 606 | 0 | @a矿物学P58 |
| 690 | @aP574@v4 | |
| 701 | 0 | @a郭承基@Aguo cheng ji@4著 |
| 801 | 0 | @aCN@bPFT@c20060413 |
| 905 | @a10447@dP574@e2 | |
| 希有元素矿物化学/郭承基著.-北京:科学出版社,1958 |
| 263页;26cm |
| ISBN :CNY2.60 |
| ● |
| 相关链接 |
|
|
|
|
正题名:希有元素矿物化学
索取号:P574/2
 
预约/预借
| 序号 | 登录号 | 条形码 | 馆藏地/架位号 | 状态 | 备注 |
| 1 | 0017586 | 202254764 | 密集书库/ [索取号:P574/2] | 在馆 |